| 000 | 00532nam a2200193Ia 4500 | ||
|---|---|---|---|
| 008 | 151119s9999||||xx |||||||||||||| ||und|| | ||
| 082 | _a332.1 | ||
| 082 | _bGKKV9221 | ||
| 100 | _aनेने मधु | ||
| 245 | _aबँकिंगशी मैत्री | ||
| 260 | _a-- | ||
| 260 | _b- | ||
| 260 | _c0 | ||
| 600 | _aनेने मधु | ||
| 630 | _aबँकिंगशी मैत्री | ||
| 700 | _aनेने मधु | ||
| 730 | _aबँकिंगशी मैत्री | ||
| 942 | _cBOOK | ||
| 999 |
_c1063551 _d1063548 |
||